Central Library OPAC University of Rajshahi

Molecular cell biology / (Record no. 55747)

MARC details
000 -LEADER
fixed length control field 00792nam a2200265 a 4500
001 - CONTROL NUMBER
control field 55747
003 - CONTROL NUMBER IDENTIFIER
rucl marc code BD-RjUL
005 - DATE AND TIME OF LATEST TRANSACTION
control field 20211209080317.0
008 - FIXED-LENGTH DATA ELEMENTS--GENERAL INFORMATION
fixed length control field 161121s2002 ii a b 001 0 eng
020 ## - INTERNATIONAL STANDARD BOOK NUMBER
International Standard Book Number 8126111429
035 ## - SYSTEM CONTROL NUMBER
System control number (BD-RjUL)55871
040 ## - CATALOGING SOURCE
Original cataloging agency DLC
Transcribing agency DLC
Modifying agency BD-RjUL
Language of cataloging eng
041 ## - LANGUAGE CODE
Language code of text/sound track or separate title eng
082 00 - DEWEY DECIMAL CLASSIFICATION NUMBER
Edition number 23
Classification number 611.0181
Author mark and year BHM 2002
100 ## - MAIN ENTRY--PERSONAL NAME
Personal name Bhamrah, H.S
9 (RLIN) 166013
245 00 - TITLE STATEMENT
Title Molecular cell biology /
Statement of responsibility, etc. H.S. Bhamrah , Kavita Juneja
260 ## - PUBLICATION, DISTRIBUTION, ETC. (IMPRINT)
Place of publication, distribution, etc. New Delhi :
Name of publisher, distributor, etc. Anmol pub,
Date of publication, distribution, etc. 2002
300 ## - PHYSICAL DESCRIPTION
Pagination xxxvi, 422 p. :
Illustrations ill. ;
Size 28 cm.
504 ## - BIBLIOGRAPHY, ETC. NOTE
Bibliography, etc Includes bibliographical references and index.
650 #0 - SUBJECT ADDED ENTRY--TOPICAL TERM
Topical term or geographic name as entry element Cytology (Cell Biology)
9 (RLIN) 116684
Topical term or geographic name as entry element Molecular biology.
9 (RLIN) 166014
700 1# - ADDED ENTRY--PERSONAL NAME
Personal name Bhamrah , H.S.
Personal name Juneja, Kavita
942 ## - ADDED ENTRY ELEMENTS (KOHA)
Source of classification or shelving scheme Dewey Decimal Classification
Koha item type Books
Holdings
Lost status Source of classification or shelving scheme Damaged status Not for loan Collection code Permanent Location Current Location Shelving location Date acquired Source of acquisition Cost, normal purchase price Total Checkouts Full call number Date last seen Copy number Koha item type
  Dewey Decimal Classification     Non-fiction Central Library, University of Rajshahi Central Library, University of Rajshahi   07/05/2008 dhaka, paragon Enterprice ltd. 750.00   571.6 BHM 2002 21/11/2016 C-2 Books
  Dewey Decimal Classification   Not For Loan Non-fiction Central Library, University of Rajshahi Central Library, University of Rajshahi Reading Room 07/05/2008 Paragogn Enterprise, Dhaka 750.00   571.6 BHM 2002 09/04/2017 C-1 Books